000 00229nam a2200097Ia 4500
001 714933
005 20250826162915.0
008 250824s9999 xx 000 0 und d
245 0 _aYAZ
_cKÜRŞAT BAŞAR
260 _bEVEREST YAYINLARI
999 _c714933
_d714933